| 000 | 01565cam a2200385 a 4500 | ||
|---|---|---|---|
| 999 |
_c29129 _d29100 |
||
| 001 | 13881891 | ||
| 003 | EG-ScBUE | ||
| 005 | 20210531101746.0 | ||
| 008 | 050224t2005 njua f b 001 0 eng d | ||
| 020 | _a047148735X (hbk.) | ||
| 020 | _a9780471487357 | ||
| 035 | _a(OCoLC)ocm56805867 | ||
| 040 |
_aUKM _beng _erda _cUKM _dBGU _dGZM _dC#P _dDLC _dEG-ScBUE |
||
| 082 | 0 | 4 |
_a001.434 _bMON _222 |
| 100 | 1 |
_aMontgomery, Douglas C., _eauthor. |
|
| 245 | 1 | 0 |
_aDesign and analysis of experiments / _cDouglas C. Montgomery, Arizona State University. |
| 250 | _aSixth edition. | ||
| 264 | 1 |
_aHoboken, NJ : _bJohn Wiley & Sons, Inc., _c[2005] |
|
| 264 | 4 | _cc2005 | |
| 300 |
_axv, 643 pages : _billustrations ; _c26 cm |
||
| 336 |
_2rdacontent _atext _btxt |
||
| 337 |
_2rdamedia _aunmediated _bn |
||
| 338 |
_2rdacarrier _avolume _bnc |
||
| 500 | _aIncludes appendices. | ||
| 504 | _aIncludes bibliographical references and index. | ||
| 650 | 7 |
_aExperimental design. _2BUEsh |
|
| 653 |
_bCOMSCI _cMay2021 |
||
| 655 |
_vReading book _934232 |
||
| 856 | 4 | 2 |
_3Contributor biographical information _uhttp://www.loc.gov/catdir/enhancements/fy0627/2005295721-b.html |
| 856 | 4 | 2 |
_3Publisher description _uhttp://www.loc.gov/catdir/enhancements/fy0627/2005295721-d.html |
| 856 | 4 | 1 |
_3Table of contents only _uhttp://www.loc.gov/catdir/enhancements/fy0627/2005295721-t.html |
| 906 |
_a7 _bcbc _ccopycat _d3 _encip _f20 _gy-gencatlg |
||
| 942 |
_2ddc _cBB |
||